<?xml version="1.0" encoding="UTF-8"?><?xml-stylesheet type="text/xsl" href="static/style.xsl"?><OAI-PMH xmlns="http://www.openarchives.org/OAI/2.0/" xmlns:xsi="http://www.w3.org/2001/XMLSchema-instance" xsi:schemaLocation="http://www.openarchives.org/OAI/2.0/ http://www.openarchives.org/OAI/2.0/OAI-PMH.xsd"><responseDate>2026-04-18T07:18:20Z</responseDate><request verb="GetRecord" identifier="oai:www.recercat.cat:2072/418291" metadataPrefix="marc">https://recercat.cat/oai/request</request><GetRecord><record><header><identifier>oai:recercat.cat:2072/418291</identifier><datestamp>2025-03-30T19:12:04Z</datestamp><setSpec>com_2072_98</setSpec><setSpec>col_2072_378193</setSpec></header><metadata><record xmlns="http://www.loc.gov/MARC21/slim" xmlns:dcterms="http://purl.org/dc/terms/" xmlns:xsi="http://www.w3.org/2001/XMLSchema-instance" xmlns:doc="http://www.lyncode.com/xoai" xsi:schemaLocation="http://www.loc.gov/MARC21/slim http://www.loc.gov/standards/marcxml/schema/MARC21slim.xsd">
   <leader>00925njm 22002777a 4500</leader>
   <datafield ind2=" " ind1=" " tag="042">
      <subfield code="a">dc</subfield>
   </datafield>
   <datafield ind2=" " ind1=" " tag="720">
      <subfield code="a">Fàbregas i Comadran, Xavier</subfield>
      <subfield code="e">author</subfield>
   </datafield>
   <datafield ind2=" " ind1=" " tag="260">
      <subfield code="c">2018</subfield>
   </datafield>
   <datafield ind2=" " ind1=" " tag="520">
      <subfield code="a">Se revisan los posibles problemas en la carnización higiénica de grandes animales, aves y conejos, que pueden aparecer en los animales para sacrificio, en las instalaciones, maquinaria y equipos para la carnización y en el personal trabajador que realiza el faenado y las operaciones de tripería, desde las fases de estabulación/corrales-conducción/descarga a la cadena de carnización, el tratamiento de despojos y la obtención de tripas, grasas y glándulas. Se presentan las transparencias expuestas en el CURSO de Inspección Sanitaria en Mataderos, del Colegio Oficial de Veterinarios de Ciudad Real. Ciudad Real (1998).</subfield>
   </datafield>
   <datafield ind2=" " ind1=" " tag="520">
      <subfield code="a">Es revisen els possibles problemes en la carnització higiènica de grans animals, aus i conills, que poden aparéixer en els animals per a sacrifici, en les instal·lacions, maquinària i equips per a la carnització i en el personal treballador que realitza el feinejat i les operacions de triperia, des de les fases d' estabulació/corrals-conducció/descàrrega a la cadena de carnització, el tractament de despulles i l'obtenció de tripes, greixos i glàndules. Es presenten les transparències exposades al CURSO de Inspección Sanitaria en Mataderos, del Colegio Oficial de Veterinarios de Ciudad Real. Ciudad Real (1998).</subfield>
   </datafield>
   <datafield tag="653" ind2=" " ind1=" ">
      <subfield code="a">Carnización</subfield>
   </datafield>
   <datafield tag="653" ind2=" " ind1=" ">
      <subfield code="a">Higiene</subfield>
   </datafield>
   <datafield tag="653" ind2=" " ind1=" ">
      <subfield code="a">Especies domésticas</subfield>
   </datafield>
   <datafield tag="653" ind2=" " ind1=" ">
      <subfield code="a">Carnització</subfield>
   </datafield>
   <datafield tag="653" ind2=" " ind1=" ">
      <subfield code="a">Espècies domèstiques</subfield>
   </datafield>
   <datafield tag="653" ind2=" " ind1=" ">
      <subfield code="a">Domestic species</subfield>
   </datafield>
   <datafield tag="653" ind2=" " ind1=" ">
      <subfield code="a">Hygiene</subfield>
   </datafield>
   <datafield tag="653" ind2=" " ind1=" ">
      <subfield code="a">Slaughter</subfield>
   </datafield>
   <datafield ind2="0" ind1="0" tag="245">
      <subfield code="a">Carnización higiénica de especies domésticas</subfield>
   </datafield>
</record></metadata></record></GetRecord></OAI-PMH>